[Event "ICIS Challenge"]
[Site "http://www.queenalice.com/game.php?id=509805"]
[Date "2008.12.18"]
[Round "-"]
[White "DJLeon"]
[Black "Gallow"]
[Result "1/2-1/2"]
[WhiteElo "1646"]
[BlackElo "1788"]

1. g3 e5 2. Bg2 d5 3. e4 d4 4. Nf3 Nc6 5. c3 Bc5 6. b4 Bd6 7. O-O Nf6 8. Re1 a6
9. Na3 b5 10. Nc2 O-O 11. a4 Bb7 12. cxd4 exd4 13. e5 Nxe5 14. Nxe5 Bxg2 15.
Kxg2 Bxe5 16. Rxe5 d3 17. Ne1 Qd4 18. Bb2 Qxb2 19. Nxd3 Qd4 20. Re3 Ng4 21. Re7
Rad8 22. axb5 Qf6 23. Re3 Rxd3 24. Rxd3 Nxf2 25. Rf3 Nxd1 26. Rxf6 gxf6 27. Rxd1
axb5 28. Rc1 Rc8 29. Kf3 Kf8 30. Rc5 c6 31. Rf5 Kg7 32. g4 h6 33. h4 Re8 34. d4
Rd8 35. Ke4 1/2-1/2

[Event "AUTO-ADV-1155"]
[Site "http://www.queenalice.com/game.php?id=511783"]
[Date "2008.12.23"]
[Round "1"]
[White "QuinhoFogo"]
[Black "Gallow"]
[Result "0-1"]
[WhiteElo "1668"]
[BlackElo "1795"]

1. e4 c5 2. d4 cxd4 3. Qxd4 Nc6 4. Qd3 Nf6 5. Nc3 d6 6. Nd5 Ne5 7. Nxf6+ exf6 8.
Qd4 Bd7 9. Bf4 Qc7 10. O-O-O Rc8 11. Bd3 Be7 12. Nf3 Nxd3+ 13. Qxd3 O-O 14. Rhe1
Qc5 15. Qd4 Qxc2# 0-1

[Event "AUTO-ADV-1155"]
[Site "http://www.queenalice.com/game.php?id=511784"]
[Date "2008.12.23"]
[Round "1"]
[White "Gallow"]
[Black "QuinhoFogo"]
[Result "1-0"]
[WhiteElo "1806"]
[BlackElo "1670"]

1. e4 e5 2. Nf3 Nc6 3. d4 d6 4. dxe5 Nxe5 5. Nxe5 dxe5 6. Qxd8+ Kxd8 7. Bc4 Bb4+
8. c3 Ba5 9. O-O Be6 10. Bxe6 fxe6 11. Bg5+ Nf6 12. Na3 h6 13. Bh4 g5 14. Bg3
Nxe4 15. Bxe5 Rg8 16. Rad1+ Ke8 17. Nc4 Bb6 18. Nxb6 cxb6 19. Rfe1 Rd8 20. Rxd8+
Kxd8 21. Rxe4 Rf8 22. Bg7 Re8 23. Bxh6 Kd7 24. Bxg5 Kd6 25. Bf6 b5 26. a3 Kd5
27. Rd4+ Kc6 28. h4 e5 29. Re4 Kd5 30. f3 Re6 31. Bg5 a5 32. h5 Re8 33. g4 Rg8
34. Bf6 Re8 35. h6 b4 36. axb4 axb4 37. c4+ 1-0

[Event "AUTO-ADV-1155"]
[Site "http://www.queenalice.com/game.php?id=511801"]
[Date "2008.12.23"]
[Round "1"]
[White "Gallow"]
[Black "Bluto"]
[Result "0-1"]
[WhiteElo "1783"]
[BlackElo "1966"]

1. e4 e6 2. d4 d5 3. Nc3 Bb4 4. e5 c5 5. a3 Bxc3+ 6. bxc3 Ne7 7. Qg4 Qc7 8. Bd3
cxd4 9. Qxg7 Rg8 10. Qxh7 Qxc3+ 11. Bd2 Qxa1+ 12. Ke2 Nbc6 13. Qh3 Nxe5 14. Bb5+
Bd7 15. Bxd7+ Nxd7 16. g3 Rc8 17. Qg2 Rxc2 18. Nf3 Qxa3 19. Re1 Nc5 20. Kf1 Ne4
21. Re2 Nxd2+ 22. Rxd2 Rxd2 23. Nxd2 Qd3+ 24. Ke1 a5 25. f3 a4 26. Nf1 Qb1+ 27.
Kf2 Qc2+ 28. Kg1 Qxg2+ 0-1

[Event "AUTO-ADV-1155"]
[Site "http://www.queenalice.com/game.php?id=511802"]
[Date "2008.12.23"]
[Round "1"]
[White "Bluto"]
[Black "Gallow"]
[Result "1-0"]
[WhiteElo "1957"]
[BlackElo "1792"]

1. e4 c5 2. Nf3 d6 3. d4 Nf6 4. Nc3 cxd4 5. Nxd4 a6 6. f3 e5 7. Nb3 Be6 8. Be3
h5 9. Qd2 Be7 10. O-O-O O-O 11. g3 Nbd7 12. h4 b5 13. Bh3 Bxb3 14. cxb3 Nc5 15.
Kb1 Qc7 16. g4 hxg4 17. Bxg4 Nxg4 18. fxg4 b4 19. Nd5 Qb7 20. Bxc5 dxc5 21. h5
Rad8 22. h6 g6 23. Qe3 Qc6 24. Nxe7+ 1-0

[Event "AUTO-ADV-1155"]
[Site "http://www.queenalice.com/game.php?id=511803"]
[Date "2008.12.23"]
[Round "1"]
[White "Gallow"]
[Black "carlosfed"]
[Result "1/2-1/2"]
[WhiteElo "1805"]
[BlackElo "1930"]

1. e4 e5 2. Nf3 d6 3. d4 Be7 4. dxe5 Nc6 5. exd6 Bxd6 6. Bc4 Bg4 7. h3 Bh5 8.
O-O Nge7 9. Re1 Ne5 10. Nbd2 N7c6 11. c3 Nxf3+ 12. Nxf3 Ne5 13. Be2 Nxf3+ 14.
Bxf3 Bxf3 15. Qxf3 O-O 16. Be3 Be5 17. Rad1 Qe7 18. Bd4 f6 19. b4 b5 20. Bc5 Bd6
21. Qd3 Bxc5 22. Qd5+ Kh8 23. bxc5 Rad8 24. Qc6 Rb8 25. Rd7 Qe5 26. Red1 Qxc3
27. Qxc7 Rg8 28. Rd8 Rbxd8 29. Rxd8 Qc4 30. Rxg8+ Qxg8 31. Qxa7 h6 32. c6 Qc4
33. c7 Qc1+ 34. Kh2 Kh7 35. Qb8 Qf4+ 36. Kh1 Qc1+ 37. Kh2 Qf4+ 38. g3 Qxf2+ 39.
Kh1 Qf1+ 40. Kh2 Qf2+ 1/2-1/2

[Event "AUTO-ADV-1155"]
[Site "http://www.queenalice.com/game.php?id=511804"]
[Date "2008.12.23"]
[Round "1"]
[White "carlosfed"]
[Black "Gallow"]
[Result "1-0"]
[WhiteElo "1918"]
[BlackElo "1817"]

1. e4 c5 2. Bc4 e6 3. Nf3 Nc6 4. a3 d5 5. exd5 exd5 6. Bb5 Qc7 7. O-O Be6 8. h3
Bd6 9. d4 O-O-O 10. Bxc6 Qxc6 11. Be3 Nf6 12. dxc5 Bxc5 13. Bxc5 Qxc5 14. Nd4
Rhe8 15. c3 h5 16. Nd2 Bd7 17. N2b3 Qd6 18. Qd3 Ne4 19. Nb5 Qa6 20. N3d4 Nc5 21.
Nxa7+ Qxa7 22. Qf3 Be6 23. Nxe6 fxe6 24. Qxh5 Nd3 25. Qe2 Nf4 26. Qc2 g5 27. Kh2
g4 28. h4 Qb8 29. g3 Rh8 30. Rh1 Nh3 31. Qg6 Nxf2 32. Qxe6+ Rd7 33. Qf6 Rdh7 34.
Qxf2 Rxh4+ 35. Kg2 Rxh1 36. Rxh1 Rg8 37. Qf5+ Kc7 38. Rh6 Qd8 39. Qe5+ Kc8 40.
Rd6 Qc7 41. Qe6+ 1-0

[Event "AUTO-INT-958"]
[Site "http://www.queenalice.com/game.php?id=535085"]
[Date "2009.2.4"]
[Round "2"]
[White "Maffu"]
[Black "Gallow"]
[Result "0-1"]
[WhiteElo "1843"]
[BlackElo "1784"]

1. e4 c5 2. b3 d6 3. Bb2 Nc6 4. Bb5 Bd7 5. Ne2 a6 6. Bc4 b5 7. Bxf7+ Kxf7 8. f4
e5 9. O-O Nf6 10. fxe5 dxe5 11. d3 Bd6 12. Nbc3 Rf8 13. Nd5 Kg8 14. Nxf6+ Rxf6
15. Rxf6 Qxf6 16. Ng3 Rf8 17. Qd2 Qg6 18. Nf5 Bxf5 19. exf5 Rxf5 20. c4 Nd4 21.
Bxd4 cxd4 22. cxb5 axb5 23. h3 Qg3 24. Rc1 e4 25. Rc8+ Kf7 0-1

[Event "AUTO-INT-958"]
[Site "http://www.queenalice.com/game.php?id=535086"]
[Date "2009.2.4"]
[Round "2"]
[White "Gallow"]
[Black "fluffy2188"]
[Result "0-1"]
[WhiteElo "1828"]
[BlackElo "1904"]

1. e4 c5 2. Nf3 d6 3. d4 cxd4 4. Nxd4 Nf6 5. f3 g6 6. c4 Bg7 7. Nc3 O-O 8. Be3
Nc6 9. Qd2 Bd7 10. Bd3 Ne5 11. O-O Rc8 12. Ndb5 a6 13. Na7 Ra8 14. Nd5 Nxd5 15.
exd5 b6 16. Nc6 Nxc6 0-1

[Event "AUTO-INT-958"]
[Site "http://www.queenalice.com/game.php?id=535087"]
[Date "2009.2.4"]
[Round "2"]
[White "fluffy2188"]
[Black "Gallow"]
[Result "1-0"]
[WhiteElo "1917"]
[BlackElo "1815"]

1. e4 c5 2. Nf3 d6 3. d4 cxd4 4. Nxd4 Nf6 5. Nc3 a6 6. Bg5 e6 7. f4 Nbd7 8. Bc4
Qb6 9. Bb3 Be7 10. Qd2 O-O 11. Na4 Qc7 12. Bxe6 fxe6 13. Nxe6 Nxe4 14. Nxc7 Nxd2
15. Nxa8 Bxg5 16. fxg5 1-0

[Event "AUTO-INT-993"]
[Site "http://www.queenalice.com/game.php?id=543336"]
[Date "2009.2.20"]
[Round "2"]
[White "Jane"]
[Black "Gallow"]
[Result "0-1"]
[WhiteElo "1518"]
[BlackElo "1824"]

1. e4 d6 2. d4 Nf6 3. Nc3 g6 4. Bb5+ c6 5. e5 dxe5 6. dxe5 Qxd1+ 7. Kxd1 Ng4 8.
Ba4 Nxf2+ 9. Ke2 Nxh1 10. Bg5 Nd7 11. Nf3 Bg7 0-1

[Event "AUTO-INT-993"]
[Site "http://www.queenalice.com/game.php?id=543337"]
[Date "2009.2.20"]
[Round "2"]
[White "Gallow"]
[Black "Jane"]
[Result "1-0"]
[WhiteElo "1820"]
[BlackElo "1522"]

1. c4 e5 2. Nc3 Bb4 3. Nd5 a5 4. Nf3 e4 5. a3 exf3 6. axb4 c6 7. Nc3 fxg2 8.
Bxg2 Nf6 9. d3 b6 10. Bg5 h6 11. Bf4 g5 12. Be5 1-0

[Event "AUTO-INT-993"]
[Site "http://www.queenalice.com/game.php?id=543340"]
[Date "2009.2.20"]
[Round "2"]
[White "Jamtony"]
[Black "Gallow"]
[Result "0-1"]
[WhiteElo "1618"]
[BlackElo "1774"]

1. e4 c5 2. Bc4 e6 3. d4 Nc6 4. dxc5 Bxc5 5. Nh3 Nf6 6. O-O O-O 7. Bg5 Ne5 8. b3
h6 9. Bxf6 Qxf6 10. Qd2 Nxc4 11. Qc3 Bd4 12. Qxc4 Bxa1 13. c3 a6 14. Qc5 b5 15.
b4 Bb7 16. f3 Rfc8 17. Qe3 Bxc3 18. Nxc3 Rxc3 19. e5 Rxe3 20. exf6 gxf6 21. Kf2
Ra3 22. Ra1 Rc8 23. Kg3 Kh7 24. Nf2 Rg8+ 25. Ng4 f5 26. Kh4 fxg4 27. fxg4 Bxg2
28. Rg1 Rh3# 0-1

[Event "AUTO-INT-993"]
[Site "http://www.queenalice.com/game.php?id=543341"]
[Date "2009.2.20"]
[Round "2"]
[White "Gallow"]
[Black "Jamtony"]
[Result "1-0"]
[WhiteElo "1813"]
[BlackElo "1578"]

1. c4 c5 2. Nf3 d5 3. cxd5 Qxd5 4. Nc3 Qd8 5. d4 cxd4 6. Nxd4 e5 7. Ndb5 Qxd1+
8. Nxd1 Na6 9. Ndc3 Nb4 10. Kd1 Kd8 11. Bd2 Ne7 12. e4 a6 13. Nd6 Bg4+ 14. f3
Be6 15. Na4 Nec6 16. Nxb7+ Kc7 17. Nac5 Bxc5 18. Nxc5 Bxa2 19. Rc1 Kb6 20. Nd7+
Kb7 21. Nc5+ Kc7 22. Bxb4 Rhd8+ 23. Nd3 Rab8 24. Ba5+ Kb7 25. Bxd8 Rxd8 26. Ke1
f6 27. Rxc6 Kxc6 28. Nb4+ Kb6 29. Nxa2 a5 30. Be2 Rd4 31. Kf2 Rd2 32. Rb1 a4 33.
Nc3 Ka5 34. Ke1 Rd4 35. Nd5 h6 36. h4 g5 37. hxg5 fxg5 38. g4 a3 39. b4+ Rxb4
40. Nxb4 1-0

[Event "AUTO-INT-993"]
[Site "http://www.queenalice.com/game.php?id=543342"]
[Date "2009.2.20"]
[Round "2"]
[White "luiz_gustavo"]
[Black "Gallow"]
[Result "1-0"]
[WhiteElo "1739"]
[BlackElo "1803"]

1. e4 d6 2. Nf3 Nf6 3. Nc3 g6 4. Bc4 Bg7 5. O-O O-O 6. d3 c6 7. h3 Nbd7 8. Bg5
b5 9. Bb3 Nc5 10. e5 dxe5 11. Nxe5 Nxb3 12. axb3 Bb7 13. Qe2 Nd7 14. Nxd7 Qxd7
15. Qxe7 Qxe7 16. Bxe7 Rfe8 17. Bc5 a5 18. Ra2 Bc8 19. Ne4 Be6 20. c4 a4 21.
bxa4 bxc4 22. Nd6 1-0

[Event "AUTO-INT-993"]
[Site "http://www.queenalice.com/game.php?id=543343"]
[Date "2009.2.20"]
[Round "2"]
[White "Gallow"]
[Black "luiz_gustavo"]
[Result "0-1"]
[WhiteElo "1784"]
[BlackElo "1758"]

1. c4 e5 2. Nc3 Nc6 3. g3 Nf6 4. Bg2 Bc5 5. e3 O-O 6. Nge2 d6 7. O-O Bg4 8. h3
Bh5 9. f4 Nb4 10. d4 exd4 11. exd4 Bxe2 12. Nxe2 Bb6 13. a3 Nc6 14. b4 a6 15. b5
axb5 16. cxb5 Na5 17. Qd3 c5 18. bxc6 bxc6 19. Kh2 Re8 20. Bb2 Rb8 21. Nc3 Bxd4
22. Rab1 c5 0-1